书目信息 |
| 题名: |
单片机原理与应用
|
|
| 作者: | 张旭涛 , 曾现峰 主编 | |
| 分册: | ||
| 出版信息: | 北京 北京理工大学出版社 2007.02 |
|
| 页数: | 291页 | |
| 开本: | 23cm | |
| 丛书名: | ||
| 单 册: | ||
| 中图分类: | TB368.1 | |
| 科图分类: | ||
| 主题词: | 单片微型计算机--dan pian wei xing ji suan ji--高等学校--教材 | |
| 电子资源: | ||
| ISBN: | 978-7-5640-1002-7 | |
| 000 | 01036nam0 2200253 450 | |
| 001 | 012007475749 | |
| 005 | 20070927091744.67 | |
| 010 | @a978-7-5640-1002-7@dCNY29.00 | |
| 100 | @a20070816d2007 km y0chiy0120 ea | |
| 101 | 0 | @achi |
| 102 | @aCN@b110000 | |
| 105 | @aak a 000yy | |
| 200 | 1 | @a单片机原理与应用@Adan pian ji yuan li yu ying yong@f张旭涛, 曾现峰主编@Fzhang xu tao,ceng xian feng zhu bian |
| 210 | @a北京@c北京理工大学出版社@d2007.02 | |
| 215 | @a291页@c图@d23cm | |
| 300 | @a21世纪高职高专规划教材·机电类 | |
| 320 | @a有书目 (第291页)。 | |
| 330 | @a本书主要内容为MCS-51单片机的工本结构及其原理,单片机的指令系统与程序初步设计,单片机中断、定时与计数原理,单片机系统的扩展应用,单片机工业控制应用及相关实验等。全书在阐述单片机内部结构机理的同时,侧重于应用与实验方面的介绍。 | |
| 606 | 0 | @a单片微型计算机@Adan pian wei xing ji suan ji@x高等学校@j教材 |
| 690 | @aTB368.1@v4 | |
| 701 | 0 | @a张旭涛@Azhang xu tao@4主编 |
| 701 | 0 | @a曾现峰@Aceng xian feng@4主编 |
| 801 | 0 | @aCN@c20070927 |
| 905 | @dTB368.1@eZ216 | |
| 单片机原理与应用/张旭涛, 曾现峰主编.-北京:北京理工大学出版社,2007.02 |
| 291页:图;23cm |
| 21世纪高职高专规划教材·机电类 |
| ISBN 978-7-5640-1002-7:CNY29.00 |
| 本书主要内容为MCS-51单片机的工本结构及其原理,单片机的指令系统与程序初步设计,单片机中断、定时与计数原理,单片机系统的扩展应用,单片机工业控制应用及相关实验等。全书在阐述单片机内部结构机理的同时,侧重于应用与实验方面的介绍。 |
| ● |
| 相关链接 |
|
|
|
正题名:单片机原理与应用
索取号:TB368.1/Z216
 
预约/预借
| 序号 | 登录号 | 条形码 | 馆藏地/架位号 | 状态 | 备注 |
| 1 | 246004 | 202460041 | 自科二线400A/400A自科库 31排3列4层/ [索取号:TB368.1/Z216] | 在馆 | |
| 2 | 246005 | 202460050 | 自科库501/501自科库 13排4列5层/ [索取号:TB368.1/Z216] | 在馆 |